[Event "TUR Cup"]
[Site "Denizli"]
[Date "2023.07.20"]
[Round "7"]
[White "Ozu, Sunguralp"]
[Black "Dulger, Batuhan Ihsan"]
[Result "1-0"]
[WhiteElo "1530"]
[BlackElo "1267"]
[PlyCount "81"]
[EventDate "2023.07.16"]
[EventType "team-tourn"]
[EventRounds "9"]
[EventCountry "TUR"]
[SourceTitle "CBM 215 Extra"]
[Source "ChessBase"]
[SourceDate "2023.09.30"]
[SourceVersion "1"]
[SourceVersionDate "2023.09.30"]
[SourceQuality "1"]

1. e4 e5 2. Nf3 Nf6 3. Nc3 Bb4 4. Nd5 Nxd5 5. exd5 0-0 6. a3 Bc5 7. b4 Bb6 8. c4 e4 9. c5 Qf6 10. Rb1 exf3 11. Qxf3 Qxf3 12. gxf3 d6 13. d4 Bf5 14. Rb3 Nd7 15. Be3 dxc5 16. dxc5 Nf6 17. cxb6 axb6 18. d6 cxd6 19. Bxb6 Rfe8+ 20. Kd2 Rac8 21. Bd3 Be6 22. Rbb1 Bd5 23. Be2 Nd7 24. Bd4 Ne5 25. Rhg1 g6 26. Bxe5 Rxe5 27. f4 Rf5 28. Bg4 Be4 29. Bxf5 Rc2+ 30. Ke3 Bxf5 31. Rbc1 Rb2 32. Rc3 d5 33. Rd1 Bg4 34. Rd2 Rb1 35. f3 Be6 36. Kd4 b6 37. Rc6 Rb3 38. Rd3 Rb2 39. Rxb6 Rxh2 40. a4 Rc2 41. Rb3 1-0